<?xml version="1.0" encoding="UTF-8"?>
<collection xmlns:xsi="http://www.w3.org/2001/XMLSchema-instance" xsi:schemaLocation="http://www.loc.gov/MARC21/slim http://www.loc.gov/standards/marcxml/schema/MARC21slim.xsd" xmlns="http://www.loc.gov/MARC21/slim">
 <record>
  <leader>00000cgc a22000003a 4500</leader>
  <controlfield tag="001">UP-8027390931313907252</controlfield>
  <controlfield tag="003">Buklod</controlfield>
  <controlfield tag="005">20140307134010.0</controlfield>
  <controlfield tag="006">m    |o  d |      </controlfield>
  <controlfield tag="007">ta</controlfield>
  <controlfield tag="008">140307s        xx     d||| |     ||   ||</controlfield>
  <datafield tag="035" ind1=" " ind2=" ">
   <subfield code="a">(iLib)UPVIS-00031532420</subfield>
  </datafield>
  <datafield tag="040" ind1=" " ind2=" ">
   <subfield code="a">ess 3.7.14</subfield>
  </datafield>
  <datafield tag="090" ind1=" " ind2="0">
   <subfield code="a">VHS 108</subfield>
  </datafield>
  <datafield tag="100" ind1="0" ind2=" ">
   <subfield code="a">Santos, Freddie</subfield>
  </datafield>
  <datafield tag="245" ind1="0" ind2="0">
   <subfield code="a">Mindanao [videorecording]</subfield>
   <subfield code="b">healing the past, building the future</subfield>
   <subfield code="c">Freddie Santos narrator.</subfield>
  </datafield>
  <datafield tag="264" ind1=" " ind2="1">
   <subfield code="a">Quezon City</subfield>
   <subfield code="b">Bookmark Video</subfield>
  </datafield>
  <datafield tag="300" ind1=" " ind2=" ">
   <subfield code="a">1 video reel (45 min.)</subfield>
   <subfield code="b">sd., col.</subfield>
   <subfield code="c">1/2 in.</subfield>
  </datafield>
  <datafield tag="340" ind1=" " ind2=" ">
   <subfield code="a">VHS.</subfield>
  </datafield>
  <datafield tag="508" ind1=" " ind2=" ">
   <subfield code="a">Producer: Stella Chiu; Writer: Raul Rodrigo; Researcher: Nancy P. Rodrigo</subfield>
  </datafield>
  <datafield tag="520" ind1=" " ind2=" ">
   <subfield code="a">The Philippine island of Mindanao has been wracked by armed conflicts for well over 300 years.  One of the oldest and most complex revolves aroun the struggle between Muslin and Christian Filipinos-over issues like political power, resources and land, as well as cultural identity.  This long history of conflict has left deep scars in the collective psyches of both sides, creating a legacy of mutual distrust and disrespect, suspicion and prejudice.</subfield>
  </datafield>
  <datafield tag="520" ind1=" " ind2=" ">
   <subfield code="a">A just and lasting peace is possible only if the people in Mindanao address more than just their common problems of poverty and oppression.  They must also come to tems with trauma created by their common past.</subfield>
  </datafield>
  <datafield tag="520" ind1=" " ind2=" ">
   <subfield code="a">This documentary tells the story of different individuals and institutions who are trying to build a Culture of Peace in Mindanao-a new culture of mutual respect, tolerance and openess.  More and more sectors are now coming together in this effort-Christian bishop and Muslim ulama, Army soldier and MNLF veteran, housewives, schoolchildren and simple farmers.</subfield>
  </datafield>
  <datafield tag="520" ind1="1" ind2=" ">
   <subfield code="a">This documentary focuses on these success stories, Collectively, they demonstrate that peace is possible in Mindanao-if we acknowledge that the long road to peace begins in the heart.</subfield>
  </datafield>
  <datafield tag="650" ind1=" " ind2="0">
   <subfield code="a">Mindanao.</subfield>
  </datafield>
  <datafield tag="700" ind1="0" ind2=" ">
   <subfield code="a">Capalla, Fernando.</subfield>
  </datafield>
  <datafield tag="852" ind1="0" ind2=" ">
   <subfield code="a">UPVIS</subfield>
   <subfield code="b">UPV-ML</subfield>
   <subfield code="h">VHS 108</subfield>
  </datafield>
  <datafield tag="942" ind1=" " ind2=" ">
   <subfield code="a">Visual Material</subfield>
  </datafield>
 </record>
</collection>
